000 00612nam a22002052 4500
001 0000023625
005 20151217154503.0
008 130312s xx 000 0 eng d
020 _a0071314879 :
040 _aKABU
_cKABU
100 1 _aCowan, Marjorie Kelly.
_@0000183187
245 1 0 _aMicrobiology :
_ba systems approach /
_cMarjorie Kelly Cowan.
250 _a3rd ed.
260 _aNew York :
_bMcGraw-Hill,
_c2012.
300 _a1 v. (various pagings) ;
650 0 _aMicrobiology.
_@0000155702
852 1 _9p3604 KES
908 _a130312
950 _@1
999 _c11465
_d11465